Integrated blood pressure control

Bibliographic Details
Format: Electronic Journal
Language:English
Published: Auckland, N.Z. : Dove Medical Press
Subjects:
Online Access:Full text available from Research Library: 01/01/2008 to present

MARC

LEADER 00000nas a2200000 a 4500
001 ssj0000396478
003 WaSeSS
005 20200512172242.0
006 m d
007 cr n
008 090427c20089999nz x p s 0 a0eng c
010 |a  2010247834 
016 7 |a 997564660  |2 DE-101 
016 7 |a 2520711-8  |2 DE-600 
016 7 |a 101562709  |2 DNLM 
022 |a 1178-7104  |l 1178-7104 
035 |a (WaSeSS)ssj0000396478 
040 |a NZ1  |b eng  |c NZ1  |d OCLCQ  |d CS1  |d OCLCQ  |d HEBIS  |d OCLCS  |d OCLCQ  |d PFM  |d DEBBG  |d GWDNB  |d NLM  |d CUS  |d OCLCQ  |d OCLCF  |d EUW  |d OCLCQ  |d WaSeSS 
042 |a pcc 
050 4 |a RC685.H8 
060 1 0 |a W1 
082 0 4 |a 616.132005  |2 22 
210 1 |a Integr. blood press. control 
222 0 |a Integrated blood pressure control 
245 0 0 |a Integrated blood pressure control  |h [electronic resource]. 
260 |a Auckland, N.Z. :  |b Dove Medical Press 
310 |a Irregular 
362 1 |a Began with vol. 1 (2008). 
506 |a License restrictions may limit access. 
515 |a Articles added irregularly during the year and collected into annual issues. 
588 |a Description based on: Vol. 1 (2008); title from journal home page (publisher's Web site, viewed Oct. 6, 2010). 
588 |a Latest issue consulted: 2011:4 (viewed July 8, 2011). 
650 0 |a Blood pressure  |v Periodicals. 
650 7 |a Blood pressure.  |2 fast  |0 (OCoLC)fst00834794 
650 1 2 |a Blood Pressure. 
650 2 2 |a Hypertension. 
655 0 |a Electronic journals. 
856 4 0 |z Full text available from Research Library: 01/01/2008 to present  |u https://search.proquest.com/publication/3933155